| 000 | 00666nam a22002057a 4500 | ||
|---|---|---|---|
| 001 | 034835 | ||
| 005 | 20250327085206.0 | ||
| 008 | 250219b ||||| |||| 00| 0 spa d | ||
| 020 | _a84-297-3784-7 | ||
| 082 |
_214 _a302 |
||
| 100 | 1 |
_aGiddens, Anthony _9655 |
|
| 245 | 1 | 0 |
_aModernidad e identidad del yo : _bel yo y la sociedad en la época contemporánea / _cAnthony Giddens |
| 260 |
_aBarcelona: _bPenínsula, _c1994 |
||
| 300 | _a299 p. | ||
| 440 |
_aIdeas _917627 _n30 |
||
| 650 | 1 | 7 |
_aSOCIOLOGIA _9693 _2unescot |
| 650 | 1 | 2 |
_aSOCIEDAD CONTEMPORÁNEA _93789 _2unescot |
| 942 |
_cLIBRO _2ddc |
||
| 980 |
_619226 _a Palazón Marcela I. _82 _gVirginia Figueroa |
||
| 999 |
_c10707 _d10707 |
||